|
|
|
|
| LEADER |
00000cam a2200000 7i4500 |
| 001 |
0000000294 |
| 005 |
20151222.0 |
| 008 |
070628 |
| 020 |
|
|
|a 9838914142
|
| 020 |
|
|
|a 9838914177(set)
|
| 090 |
0 |
0 |
|a JF
|b MAL (154)
|
| 100 |
0 |
|
|a Amer Haji Matsom
|
| 245 |
1 |
0 |
|a Jojo beruk berjasa
|c Amer Haji Matsom
|
| 260 |
|
|
|a Selangor :
|b Penerbitan Orkid ,
|c 2006
|
| 440 |
|
|
|a Siri cerpen sinar murni
|
| 500 |
|
|
|a Children ages 7-9 years old (orange)
|
| 650 |
|
0 |
|a Children's stories, Malay
|
| 650 |
|
0 |
|a Malay fiction
|
| 999 |
|
|
|a 0000919085
|b Book
|c Children Collection
|e Cawangan Bukit Gambir
|
| 999 |
|
|
|a 0000919086
|b Book
|c Children Collection
|e Cawangan Bukit Gambir
|
| 999 |
|
|
|a 0000919087
|b Book
|c Children Collection
|e Cawangan Bukit Gambir
|
| 999 |
|
|
|a 0000931173
|b Book
|c Children Collection
|e Cawangan Tangkak
|
| 999 |
|
|
|a 0000931174
|b Book
|c Children Collection
|e Cawangan Tangkak
|
| 999 |
|
|
|a 0000931175
|b Book
|c Children Collection
|e Cawangan Tangkak
|
| 999 |
|
|
|a 0000955817
|b Book
|c Children Collection
|e Perbadanan Perpustakaan Awam Johor
|
| 999 |
|
|
|a 0000955818
|b Book
|c Children Collection
|e Cawangan Muar
|
| 999 |
|
|
|a 0000955819
|b Book
|c Children Collection
|e Perbadanan Perpustakaan Awam Johor
|
| 999 |
|
|
|a 0000955821
|b Book
|c Children Collection
|e Cawangan Urban Transformation Centre
|
| 999 |
|
|
|a 0000958685
|b Book
|c Children Collection
|e Cawangan Pontian
|
| 999 |
|
|
|a 0000958686
|b Book
|c Children Collection
|e Cawangan Pontian
|
| 999 |
|
|
|a 9838914142
|b Book
|c Children Collection
|e Cawangan Sri Merlong
|